000
00300nam a22001457a 4500
008
210303b ||||| |||| 00| 0 eng d
020
_a
9780618230297
041
_a
eng
080
_a
37
082
_a
37
100
_a
25
101
_a
EDU
245
_a
College Writing
_c
Byrd, P
942
_2
udc
_c
BK
999
_c
55593
_d
55593